Le Caire : réinventer la ville /

محفوظ في:

المؤلف الرئيسي: Barthel, Pierre-Arnaud.

مؤلفون آخرون: Coret, Olivier., Monqid, Safaa.

التنسيق: كتاب

اللغة: French

منشور في: Paris : Éditions Autrement, [2011], ©2011.

سلاسل: Villes en mouvement ; 21.

الموضوعات:

الوسوم: إضافة وسم

لا توجد وسوم, كن أول من يضع وسما على هذه التسجيلة!

رقم الطلب: DT143 .B24 2011

LEADER 01073nam a2200289Ia 4500
003 OSt
005 20240123132252.0
008 110526t20112011fr ab 000 0 fre c
952 |0 0  |1 0  |2 lcc  |4 0  |6 DT0143 B24 02011  |7 1  |9 40337  |a ARCE  |b ARCE  |d 2022-06-11  |l 0  |o DT143 .B24 2011  |p 1000895  |r 2022-06-11 00:00:00  |w 2022-06-11  |y BK 
999 |c 47457  |d 47457 
020 |a 9782746714885 
040 |c ARCE Library 
050 4 |a DT143 .B24 2011 
100 1 |a Barthel, Pierre-Arnaud. 
245 1 3 |a Le Caire :   |b réinventer la ville /   |c Pierre-Arnaud Barthel, Safaa Monqid ; photographies d'Olivier Coret.  
264 1 |a Paris :   |b Éditions Autrement,   |c [2011],   |c ©2011. 
300 |a 253 pages :   |b color illustrations, map ;   |c 23 cm. 
336 |2 rdacontent  |a text  |b txt 
337 |2 rdamedia  |a unmediated  |b n 
338 |2 rdacarrier  |a volume  |b n 
490 0 |a Villes en mouvement ;   |v 21. 
650 0 |a City planning -- Egypt -- Cairo. 
651 0 |a Cairo (Egypt) -- Social life and customs. 
700 1 |a Coret, Olivier. 
700 1 |a Monqid, Safaa. 
901 |a reviewed 
942 |2 lcc  |c BK